Portuguese Groups of Things - Statistics

General Stats
  • This quiz has been taken 20 times
  • The average score is 16 of 35
Answer Stats
Hint Answer % Correct
Countries that speak Portuguese Brazil
100%
Countries that speak Portuguese Portugal
94%
Countries that speak Portuguese Angola
89%
Footballers who won the Ballon d'Or Cristiano Ronaldo
89%
Largest Metro Areas Lisbon
89%
Largest Metro Areas Porto
89%
"The Big Three" Football Clubs FC Porto
83%
Countries that speak Portuguese Cape Verde
72%
Countries that speak Portuguese Mozambique
72%
Major Navigators Vasco da Gama
72%
Countries that speak Portuguese São Tomé and Príncipe
61%
"The Big Three" Football Clubs Benfica
56%
Countries that speak Portuguese East Timor
44%
Countries that speak Portuguese Equatorial Guinea
44%
Footballers who won the Ballon d'Or Eusébio
44%
Major Navigators Ferdinand Magellan
44%
Longest Rivers Douro
39%
Countries that speak Portuguese Guinea Bissau
39%
Footballers who won the Ballon d'Or Luís Figo
39%
Autonomous Regions Madeira
39%
Most Common Surnames Silva
39%
Autonomous Regions Azores
33%
Longest Rivers Tagus
33%
Largest Metro Areas Coimbra
22%
Major Navigators Bartolomeu Dias
17%
Largest Islands in the Azores São Miguel
17%
"The Big Three" Football Clubs Sporting CP
17%
Largest Islands in the Azores Terceira
17%
Largest Islands in the Azores Faial
11%
Longest Rivers Guadiana
11%
Largest Islands in the Azores Pico
11%
Most Common Surnames Santos
11%
Largest Islands in the Azores São Jorge
11%
Most Common Surnames Pereira
6%
Most Common Surnames Ferreira
0%
No matching quizzes found
Score Distribution
Percent of People with Each Score
Percentile by Number Answered
Your Score History
You have not taken this quiz